|
|
|
|
| LEADER |
01580nam a22003017a 4500 |
| 001 |
35413 |
| 003 |
BD-DhAAL |
| 005 |
20260111142040.0 |
| 008 |
211031r19951984bg |||| |||| 00| 0 ben d |
| 020 |
|
|
|a 9840731300
|
| 040 |
|
|
|a BD-DhAAL
|c BD-DhAAL
|
| 082 |
|
|
|a 306.4495492
|
| 100 |
|
|
|a উমর, বদরুদ্দীন.
|9 34440
|
| 245 |
|
|
|a ভাষা আন্দোলন প্রসঙ্গ :
|b কতিপয় দলিল.
|n প্রথম খণ্ড /
|c বদরুদ্দীন উমর.
|
| 246 |
|
|
|a Bhasha andolon prasanga : katipay dalil
|
| 260 |
|
|
|a ঢাকা :
|b বাংলা একাডেমী,
|c ১৯৮৫ [প্রথম পুনর্মুদ্রণ ১৯৯৫].
|
| 300 |
|
|
|a ২৯৭ পৃষ্ঠা ;
|c ২২ সে.মি.
|
| 362 |
|
|
|a Vol. 1
|
| 526 |
|
|
|a BIED
|
| 541 |
|
|
|a Complimentary copy from BIED
|e 35413, 18831
|
| 650 |
|
|
|a Bengali language movement.
|9 17688
|
| 650 |
|
|
|a Bengali language
|x Political aspects
|z Bangladesh.
|9 17689
|
| 650 |
|
|
|a Bengali language
|x Political aspects.
|9 17690
|
| 852 |
|
|
|a Ayesha Abed Library
|c Liberation War Corner
|
| 942 |
|
|
|2 ddc
|c BK
|
| 999 |
|
|
|c 43299
|d 43299
|
| 952 |
|
|
|0 0
|1 0
|2 ddc
|4 0
|6 306_449549200000000_UMA
|7 0
|9 69456
|a BRACUL
|b BRACUL
|c BNC
|d 2021-10-31
|e Complimentary copy from BIED
|l 0
|o 306.4495492 UMA
|p 3010035413
|r 2021-10-31
|t 2
|w 2021-10-31
|y BK
|x Transferred from BIED to General Stacks
|
| 952 |
|
|
|0 0
|1 0
|2 ddc
|4 0
|6 306_449549200000000_UMA
|7 0
|9 73777
|a BIGD
|b BIGD
|c GEN
|d 2023-06-12
|g 150.00
|l 0
|o 306.4495492 UMA
|p 3050018831
|r 2023-06-12
|t 1
|w 2023-06-12
|y BK
|x Transfer from BDI to BIGD.
|